| 000 | 00894nam a22002417a 4500 | ||
|---|---|---|---|
| 999 |
_c19332 _d19332 |
||
| 003 | AR-CdUCM | ||
| 008 | 190517b ||||| |||| 00| 0 spa d | ||
| 040 |
_aMUNICIPALIDAD PROVINCIAL DEL CUSCO _cBIBLIOTECA MUNICIPAL DEL CUSCO |
||
| 041 | _heng | ||
| 082 |
_a343.273 / _bS98 |
||
| 100 |
_aSwisher, Carl Brent _940613 |
||
| 245 | _aEl desarrollo constitucional de los Estados Unidos / | ||
| 260 |
_aBuenos Aires : _bBiblioteca Argentina, _c1958. |
||
| 300 |
_a524 páginas ; _c24 cm. |
||
| 505 | _aContenido: t.1. La constitución en embrión -- La constitución escrita -- La constitución en vigencia -- El programa del nuevo gobierno -- Distrito federal ... | ||
| 650 |
_aEstados Unidos _91805 |
||
| 650 |
_aConstitución _92117 |
||
| 650 |
_aGobierno _92618 |
||
| 650 |
_aEstado _9738 |
||
| 700 |
_aCharny, Hugo (traductor) _940614 |
||
| 942 |
_2ddc _cLIBROS |
||
| 945 |
_aacv _d2019-05-17 |
||